000 00738nam a22001577a 4500
003 OSt
005 20150916162441.0
008 150916b xxu||||| |||| 00| 0 eng d
040 _cRUA
082 _aAGR CHH 2004 B029 Or.1
100 _9612
_aCHHUON PUTHRORT
245 _aEffect souse of seedling on growing and yield of senpidor in royal university of agriculture,(ឥទ្ធិពលនៃការផ្អាប់សំណាបទៅលើការលូតលាស់ និងទិន្នផលរបស់ស្រូវសែនពិដោរ នៅសាកលវិទ្យាល័យភូមិន្ទកសិកម្ម)
260 _aphnom penh
_bRUA
_c2004
300 _aiv,50p.
_cill.
_g29cm.
942 _2ddc
_cAGR
999 _c587
_d587